Chanson à trous : Daniel Balavoine - Le Chanteur - Statistiques

Statistiques générales
  • Ce quiz a été pris 210 fois
  • Le résultat moyen est 19 sur 25
Statistiques - réponses
Couplets Le Chanteur - Daniel Balavoine % Correct
1 J'me présente, je m'appelle {Henri} J'voudrais bien réussir ma vie, être aimé
100%
6 Que les filles soient {nues} Qu'elles se jettent sur moi
96%
14 Que les filles soient {nues} Qu'elles se jettent sur moi
96%
2 Être beau, gagner de l'argent Puis surtout être {intelligent} Mais pour tout ça il faudrait que j'bosse à plein temps
95%
7 Qu'elles m'admirent, qu'elles me tuent Qu'elles s'arrachent {ma} {vertu}
95%
15 Qu'elles m'admirent, qu'elles me tuent Qu'elles s'arrachent {ma} {vertu}
95%
8 Pour les anciennes de l'école Devenir une {idole}
93%
16 Puis quand j'en aurai assez De rester leur {idole}
93%
5 Et partout dans la rue J'veux qu'on {parle} {de} {moi}
92%
13 Et partout dans la rue J'veux qu'on {parle} {de} {moi}
92%
3 J'suis chanteur, je chante pour {mes} {copains} J'veux faire des tubes et que ça tourne bien, tourne bien
86%
4 J'veux écrire une chanson dans le vent Un air gai, chic et entraînant Pour faire danser dans les soirées de {Monsieur} {Durand}
80%
18 Je ferai pleurer mes yeux Je ferai mes {adieux}
77%
17 Je remonterai sur scène Comme dans {les} {années} {folles}
75%
21 Que mes yeux puent {l}'{alcool} Que j'fais bien d'arrêter
74%
10 Elles trompent leurs maris Dans leurs {rêves} {maudits}
70%
25 J'veux mourir {malheureux} Pour ne rien regretter
68%
19 Et puis l'année d'après Je recommencerai Je me prostituerai Pour la {postérité}
64%
9 J'veux que toutes les nuits {Essoufflées} dans leurs lits
59%
12 Des concerts de cent mille personnes Où même le tout-Paris s'étonne Et se lève pour prolonger {le} {combat}
58%
23 Alors je serai {vieux} Et je pourrai crever
55%
22 Brûleront mon {auréole} Saliront mon passé
54%
24 Je me chercherai {un} {Dieu} Pour tout me pardonner
51%
11 Puis après je ferai des galas {Mon} {public} se prosternera devant moi
51%
20 Les {nouvelles} de l'école Diront que j'suis pédé
42%
Aucun quiz correspondant
Distribution des résultats
% des personnes avec chaque résultat
Percentile par nombre de réponses
Votre historique - résultats
Vous n’avez pas pris ce quiz